<?xml version='1.0' encoding='UTF-8'?>
  <record xmlns="http://www.loc.gov/MARC21/slim">
    <leader>00000cam a22000007i 4500</leader>
    <controlfield tag="001">ocn900899767</controlfield>
    <controlfield tag="003">OCoLC</controlfield>
    <controlfield tag="005">20211212164033.4</controlfield>
    <controlfield tag="008">150127s1649    fr            000 0 fre d</controlfield>
    <datafield tag="040" ind1=" " ind2=" ">
      <subfield code="a">NLGGC</subfield>
      <subfield code="b">dut</subfield>
      <subfield code="e">fobidrtb</subfield>
      <subfield code="c">NLGGC</subfield>
      <subfield code="d">QGJ</subfield>
      <subfield code="d">OCLCQ</subfield>
    </datafield>
    <datafield tag="029" ind1="0" ind2=" ">
      <subfield code="a">NLGGC</subfield>
      <subfield code="b">388056002</subfield>
    </datafield>
    <datafield tag="035" ind1=" " ind2=" ">
      <subfield code="a">(OCoLC)900899767</subfield>
    </datafield>
    <datafield tag="245" ind1="0" ind2="3">
      <subfield code="a">Le burlesque on de ce temps renouvellé, qui scait, qui fait et qui dit tout ce qui s'est passé depuis la guerre.</subfield>
    </datafield>
    <datafield tag="246" ind1="3" ind2=" ">
      <subfield code="a">bvrlesqve on de ce temps renovvellé</subfield>
    </datafield>
    <datafield tag="246" ind1="1" ind2="3">
      <subfield code="a">Suitte du burlesque on de ce temps ;</subfield>
      <subfield code="b">qui scait, qui fait &amp; qui dit tout, ce qui s'est passé de nouveau</subfield>
    </datafield>
    <datafield tag="246" ind1="1" ind2="3">
      <subfield code="a">Extraordinaire arrivée du burlesque on de ce temps :</subfield>
      <subfield code="b">qui scait, qui fait &amp; qui dit toutes les particularitez du siege de Cambray</subfield>
    </datafield>
    <datafield tag="260" ind1=" " ind2=" ">
      <subfield code="a">A Paris :</subfield>
      <subfield code="b">Chez Estienne Hebert,</subfield>
      <subfield code="c">1649.</subfield>
    </datafield>
    <datafield tag="300" ind1=" " ind2=" ">
      <subfield code="a">4 dl. (60 p.) ;</subfield>
      <subfield code="c">21 cm (in-4)</subfield>
    </datafield>
    <datafield tag="336" ind1=" " ind2=" ">
      <subfield code="a">tekst</subfield>
      <subfield code="b">txt</subfield>
      <subfield code="2">rdacontent/dut</subfield>
    </datafield>
    <datafield tag="337" ind1=" " ind2=" ">
      <subfield code="a">zonder medium</subfield>
      <subfield code="b">n</subfield>
      <subfield code="2">rdamedia/dut</subfield>
    </datafield>
    <datafield tag="338" ind1=" " ind2=" ">
      <subfield code="a">band</subfield>
      <subfield code="b">nc</subfield>
      <subfield code="2">rdacarrier/dut</subfield>
    </datafield>
    <datafield tag="340" ind1=" " ind2=" ">
      <subfield code="m">4to</subfield>
    </datafield>
    <datafield tag="500" ind1=" " ind2=" ">
      <subfield code="a">Impressum: A Paris, chez Estienne Hebert, au Mont Sainct Hilaire. 1649.</subfield>
    </datafield>
    <datafield tag="500" ind1=" " ind2=" ">
      <subfield code="a">Colophon dl. 1-3: A Paris, chez Estienne Hebert, au Mont Sainct Hilaire.</subfield>
    </datafield>
    <datafield tag="500" ind1=" " ind2=" ">
      <subfield code="a">Colophon dl. 4: A Paris, cez Estienne Hebert, au Mont Sainct Hilaire.</subfield>
    </datafield>
    <datafield tag="500" ind1=" " ind2=" ">
      <subfield code="a">Collatieformule: A-P:2</subfield>
    </datafield>
    <datafield tag="500" ind1=" " ind2=" ">
      <subfield code="a">Dl.2-4 o.d.t.: Suitte du burlesque on de ce temps, qui scait, qui fait &amp; qui dit tout, ce qui s'est passé de nouveau.</subfield>
    </datafield>
    <datafield tag="500" ind1=" " ind2=" ">
      <subfield code="a">Tussenvoegsel tussen dl. 2-3 (katernen H-I; p.29-36) o.d.t.: Extraordinaire arrivée du burlesque on de ce temps, qui scait, qui fait &amp; qui dit toutes les particularitez du siege de Cambray.</subfield>
    </datafield>
    <datafield tag="510" ind1="0" ind2=" ">
      <subfield code="a">Moreau, Mazarinades 612</subfield>
    </datafield>
  </record>